| 000 | 00708cab a2200205 4500 | ||
|---|---|---|---|
| 001 | X94689 | ||
| 008 | 090401t1998 xxu||||| |||| 00| 0 eng d | ||
| 035 | _a(Sirsi) u89314 | ||
| 041 | _aeng | ||
| 245 | _aClarke v Kato, Smith and General Accident etc. plc; Cutter v Eagle Star Assurance | ||
| 260 | _c1998 | ||
| 350 | _a0 | ||
| 490 |
_aNew Property Cases _v[1998] NPC 142, (2) |
||
| 520 | _aHL 22 October 1998. When is a road not a road? When it is a parking bay. Taken from report header. NOT TO BE PHOTOCOPIED. | ||
| 650 | _aCLARKE V KATO SMITH AND GENERAL ACCIDENT | ||
| 650 | _aCUTTER V EAGLE STAR ASSURANCE | ||
| 690 | _aPROPERTY LAW AND PRACTICE-CASE LAW | ||
| 942 | _n0 | ||
| 948 | _c28/10/1998 | ||
| 999 |
_c56494 _d56494 |
||